[Event "POLFINALY MISTRZOSTW POLSKI JUNIOROW 2021 D-13"]
[Site "Jatrzebia Gora"]
[Date "1899-12-30"]
[Round "4.1"]
[White "Salamon, Julia"]
[Black "Leks, Emilia"]
[Result "1-0"]
[WhiteTitle "I++"]
[BlackTitle "I"]
[WhiteElo "1568"]
[BlackElo "1205"]

1. d4 Nf6 2. c4 e6 3. Nc3 Bb4 4. Nf3 O-O 5. e3 d5 6. Bd3 Nbd7 7. O-O Bxc3 8. bxc3
Re8 9. cxd5 exd5 10. c4 dxc4 11. Bxc4 Nb6 12. Be2 Bg4 13. Ne5 Bxe2 14. Qxe2 Nbd7
15. Bb2 Qe7 16. Nxd7 Nxd7 17. Rfc1 Nf6 18. Rc2 Nd5 19. Qc4 c6 20. h3 Rac8 21.
Rac1 Nb6 22. Qb3 Nd5 23. Ba3 Qd7 24. Qd3 Qe6 25. Qb3 Qd7 26. Qa4 Ra8 27. Rb1 h6
28. Qb3 Qe6 29. Qc4 Qd7 30. Qc5 Nb6 31. Qd6 Reb8 32. Qxd7 Nxd7 33. Bd6 Rd8 34.
Rxb7 Nb6 35. Rxc6 Re8 1-0

[Event "POLFINALY MISTRZOSTW POLSKI JUNIOROW 2021 D-13"]
[Site "Jatrzebia Gora"]
[Date "1899-12-30"]
[Round "4.2"]
[White "Kicinska, Anna"]
[Black "Gladyszewska, Kinga"]
[Result "1/2-1/2"]
[WhiteTitle "I"]
[BlackTitle "I"]
[WhiteElo "1238"]
[BlackElo "1269"]

1. d4 d5 2. Nf3 Nf6 3. Bg5 e6 4. e3 Be7 5. Bd3 Nbd7 6. Nbd2 c6 7. c3 O-O 8. O-O
b6 9. Qa4 Bb7 10. Ne5 Nxe5 11. dxe5 Ne4 12. Bxe7 Qxe7 13. Nxe4 dxe4 14. Bxe4 b5
15. Qc2 h6 16. f4 c5 17. Rfd1 Rfd8 18. Bxb7 Qxb7 19. a3 Qb6 20. Qe2 Rab8 21. Rxd8+
Rxd8 22. Rd1 c4 23. Rd4 Qc7 24. Qd2 Rxd4 25. Qxd4 Kh7 26. Kf2 Qb7 27. e4 a6 28.
h3 Qc8 29. g4 Qb7 30. Ke3 Qe7 31. Ke2 Qc7 32. f5 exf5 33. gxf5 Qe7 34. Kf1 Qc7
1/2-1/2

[Event "POLFINALY MISTRZOSTW POLSKI JUNIOROW 2021 D-13"]
[Site "Jatrzebia Gora"]
[Date "1899-12-30"]
[Round "4.4"]
[White "Myslowska, Zofia"]
[Black "Miklosz, Malgorzata"]
[Result "1/2-1/2"]
[WhiteTitle "II"]
[BlackTitle "I"]
[WhiteElo "1101"]
[BlackElo "1232"]

1. e4 c5 2. d4 cxd4 3. c3 dxc3 4. Nxc3 Nc6 5. Nf3 e6 6. Bc4 a6 7. O-O b5 8. Bb3
Bc5 9. Qe2 Qb6 10. Rd1 Nge7 11. Bg5 f6 12. Bf4 Na5 13. e5 Nxb3 14. axb3 Ng6 15.
Bg3 Qc6 16. exf6 gxf6 17. Nd5 O-O 18. Nf4 Bb7 19. Rac1 Qb6 20. Nxg6 hxg6 21. Rxd7
Rac8 22. Rcd1 Bd5 23. Qd3 f5 24. Ne5 Rcd8 25. Qd2 f4 26. Qd3 Rf5 27. Rxd8+ Qxd8
28. Bxf4 Bxf2+ 29. Kxf2 Qh4+ 30. Kg1 Qxf4 31. Nf3 Qg4 32. Rf1 Rg5 33. Rf2 Rf5
1/2-1/2

[Event "POLFINALY MISTRZOSTW POLSKI JUNIOROW 2021 D-13"]
[Site "Jatrzebia Gora"]
[Date "1899-12-30"]
[Round "4.5"]
[White "Wesolowska, Liliana"]
[Black "Feliks, Agnieszka"]
[Result "1/2-1/2"]
[WhiteTitle "II"]
[BlackTitle "I"]
[WhiteElo "1067"]
[BlackElo "1145"]

1. e4 c5 2. Nf3 d6 3. d4 cxd4 4. Nxd4 Nf6 5. Nc3 a6 6. h3 e6 7. Be3 b5 8. a3 Bb7
9. f3 Nbd7 10. Qd2 Rc8 11. g4 Nb6 12. h4 Be7 13. h5 Nfd7 14. Nb3 Ne5 15. O-O-O
Nbc4 16. Bxc4 Nxc4 17. Qf2 Nxe3 18. Qxe3 O-O 19. f4 Qc7 20. Kb1 Rfd8 21. f5 exf5
22. gxf5 Bf6 23. Rh3 Bxc3 24. bxc3 Qe7 25. h6 g6 26. fxg6 fxg6 27. Re1 Re8 28.
Qd4 Qe5 29. Qa7 Qe7 30. Qd4 Qe5 31. Qa7 Qe7 32. Qd4 Qe5 33. Qa7 Qe7 1/2-1/2

[Event "POLFINALY MISTRZOSTW POLSKI JUNIOROW 2021 D-13"]
[Site "Jatrzebia Gora"]
[Date "1899-12-30"]
[Round "4.6"]
[White "Opalka, Marta"]
[Black "Walerjan, Ada"]
[Result "1-0"]
[WhiteTitle "I"]
[BlackTitle "II"]
[WhiteElo "1142"]
[BlackElo "1045"]

1. d4 d5 2. c4 e6 3. Nc3 Nf6 4. Bg5 Be7 5. e3 Nbd7 6. Nf3 h6 7. Bxf6 Nxf6 8. Qc2
O-O 9. cxd5 exd5 10. Bd3 Re8 11. O-O-O Bg4 12. Rdg1 Bxf3 13. gxf3 c5 14. Kb1 cxd4
15. exd4 a6 16. Rg2 Nh5 17. Bg6 fxg6 18. Qxg6 Bf6 19. Qxh5 Bxd4 20. Qxh6 Re7 21.
Rhg1 b5 22. Rg4 Bxc3 23. bxc3 Raa7 24. Rh4 Qf8 25. Qh8+ Kf7 26. Rf4+ Ke6 27. Qxf8
1-0

[Event "POLFINALY MISTRZOSTW POLSKI JUNIOROW 2021 D-13"]
[Site "Jatrzebia Gora"]
[Date "1899-12-30"]
[Round "4.7"]
[White "Racis, Dominika"]
[Black "Predkiewicz, Paulina"]
[Result "1-0"]
[WhiteTitle "I"]
[BlackTitle "I"]
[WhiteElo "1029"]
[BlackElo "1331"]

1. Nc3 Nf6 2. Nf3 d5 3. d4 Bf5 4. Bf4 a6 5. e3 e6 6. a3 c5 7. Bd3 Bxd3 8. cxd3
Nc6 9. dxc5 Bxc5 10. d4 Be7 11. O-O O-O 12. Rc1 Nd7 13. Rc2 Nb6 14. e4 dxe4 15.
Nxe4 Nd5 16. Bg3 Rc8 17. Qd3 Qb6 18. Rfc1 Rcd8 19. Nc5 Nb8 20. Ne5 Qa7 21. Qe4
a5 22. Qg4 Na6 23. Nxe6 fxe6 24. Qxe6+ Kh8 25. Nf7+ Rxf7 26. Qxf7 Qa8 27. Be5
Bf6 28. Bxf6 Nxf6 29. Re2 Rf8 30. Qc4 Qb8 31. Re7 Ng4 32. g3 Nh6 33. Qe6 Rg8 34.
Re1 Nc7 35. Qe5 Na6 36. Qe4 b6 37. d5 Nc5 38. Qc4 Nf5 39. R7e5 Nd6 40. Qe2 Qa8
41. b4 axb4 42. axb4 Nd7 43. Re6 Nf5 44. Qd3 Nh6 45. d6 Rd8 46. Qd4 Qb8 47. Rxh6
Kg8 48. Rhe6 Nf6 49. Qc4 Kh8 50. Qc7 Qa8 51. Qxb6 Qc8 52. Qa5 Rg8 53. Re7 Qc6
54. Qc5 Qf3 55. d7 Qa8 56. b5 Qb8 57. b6 Qa8 58. Qe5 Ng4 59. Qe4 Qxe4 60. R1xe4
Nf6 61. Re1 Rf8 62. Re8 Nxd7 63. Rxf8+ Nxf8 64. Re8 Kg8 65. Rxf8+ Kxf8 66. b7
Kf7 67. b8=Q Kg6 68. Kf1 Kh6 69. h4 Kh5 70. Qe5+ Kg6 71. Qe6+ Kh5 72. Qf5+ Kh6
73. Qg5# 1-0

[Event "POLFINALY MISTRZOSTW POLSKI JUNIOROW 2021 D-13"]
[Site "Jatrzebia Gora"]
[Date "1899-12-30"]
[Round "4.11"]
[White "Olaczek, Wiktoria"]
[Black "Najdecka, Laura"]
[Result "0-1"]
[WhiteTitle "II"]
[BlackTitle "I"]
[WhiteElo "1088"]
[BlackElo "1130"]

1. e4 c6 2. Nf3 d5 3. Nc3 Bg4 4. h3 Bh5 5. exd5 cxd5 6. Be2 e6 7. O-O Nf6 8. a3
Be7 9. d3 O-O 10. Ne5 Bxe2 11. Qxe2 Nc6 12. Nxc6 bxc6 13. Qf3 Rb8 14. Qg3 Bd6
15. f4 Nh5 16. Qg4 g6 17. Ne2 f5 18. Qf3 e5 19. fxe5 Bxe5 20. d4 Bd6 21. Bh6 Rf7
22. g4 Nf6 23. gxf5 gxf5 24. Qxf5 Qe7 25. Rae1 Ne4 26. Qg4+ Kh8 27. Rxf7 Qxf7
28. Rf1 Qe7 29. Nc3 Rg8 30. Rf8 Qxf8 31. Bxf8 Rxg4+ 32. hxg4 Bxf8 33. Nxe4 dxe4
34. Kf2 Bh6 35. c4 Kg7 36. d5 cxd5 37. c5 Kf7 38. b4 Ke7 39. a4 Kd7 40. b5 Kc7
41. a5 Kb7 42. a6+ Kc7 43. b6+ axb6 44. a7 Kb7 45. cxb6 d4 46. Ke1 d3 47. Kd1
Be3 48. Ke1 Bxb6 49. Kd2 Bxa7 50. g5 Kc6 51. Kd1 e3 52. Kc1 e2 53. Kd2 Bf2 54.
Kxd3 e1=Q 55. g6 Qe3+ 56. Kc4 Qe4+ 57. Kc3 Qxg6 58. Kd2 Qe4 59. Kc3 Qd4+ 60. Kc2
Qe3 61. Kd1 Kc5 62. Kc2 Kc4 63. Kd1 Qe1+ 64. Kc2 Qe2+ 65. Kb1 Kb3 66. Ka1 Qb2#
0-1

[Event "POLFINALY MISTRZOSTW POLSKI JUNIOROW 2021 D-13"]
[Site "Jatrzebia Gora"]
[Date "1899-12-30"]
[Round "5.1"]
[White "Popczynska, Maja"]
[Black "Salamon, Julia"]
[Result "1/2-1/2"]
[WhiteTitle "I"]
[BlackTitle "I++"]
[WhiteElo "1294"]
[BlackElo "1568"]

1. e4 c5 2. Nf3 e6 3. d4 cxd4 4. Nxd4 Nf6 5. Nc3 Nc6 6. Be2 Bb4 7. O-O Bxc3 8.
bxc3 Nxe4 9. Bd3 Nxc3 10. Qg4 Qf6 11. Nxc6 dxc6 12. Bg5 Qe5 13. Rfe1 h5 14. Qh4
Qc5 15. Be3 Qe7 16. Qd4 Qf6 17. Qc5 Nd5 18. Bd4 Qe7 19. Qc4 Qb4 20. Bxg7 Qxc4
21. Bxc4 Rg8 22. Be5 Ke7 23. Bxd5 cxd5 24. Rac1 b5 25. Rb1 Bd7 26. Rb3 Rgc8 27.
Rc3 Rxc3 28. Bxc3 Rc8 29. Bb4+ Kf6 30. c3 Rc4 31. Rd1 Bc6 32. Rd4 e5 33. Rxc4
bxc4 34. Bc5 a6 35. g3 Kf5 36. Kf1 Ba4 37. Ke2 Bc2 38. Ke3 f6 39. Ke2 Be4 40.
Ke3 Ke6 41. a4 Bg6 42. f4 d4+ 43. cxd4 c3 44. Bb4 c2 45. Ba3 Kd5 46. dxe5 fxe5
47. fxe5 Kxe5 48. Kd2 Kd4 49. Bd6 Kc4 50. a5 Kb3 51. Kc1 Kc3 52. Bc7 1/2-1/2

[Event "POLFINALY MISTRZOSTW POLSKI JUNIOROW 2021 D-13"]
[Site "Jatrzebia Gora"]
[Date "1899-12-30"]
[Round "5.2"]
[White "Leks, Emilia"]
[Black "Kicinska, Anna"]
[Result "1-0"]
[WhiteTitle "I"]
[BlackTitle "I"]
[WhiteElo "1205"]
[BlackElo "1238"]

1. d4 d5 2. c4 e6 3. Nc3 Nf6 4. Bg5 Nbd7 5. cxd5 exd5 6. e3 c6 7. Bd3 Bd6 8. Qc2
h6 9. Bh4 Qc7 10. Bg3 Bxg3 11. hxg3 Qd6 12. Nge2 Nf8 13. a3 Ne6 14. b4 a6 15.
Na4 Qc7 16. Nc5 O-O 17. Qd2 Re8 18. f3 Qe7 19. Kf2 Nd7 20. Rh2 Nb6 21. Rah1 Nc4
22. Bxc4 dxc4 23. e4 b5 24. Rxh6 f6 25. R6h2 Nxc5 26. bxc5 Be6 27. Qf4 Kf7 28.
Rh7 Rg8 29. Qh4 Ke8 30. Nf4 Bf7 31. Qg4 g5 32. Rh8 Rd8 33. R1h7 Qd7 34. Rxg8+
Bxg8 35. Rxd7 Rxd7 36. Ne2 Bf7 37. Qf5 Ke7 38. f4 gxf4 39. gxf4 a5 40. e5 fxe5
41. Qxe5+ Kf8 42. Qb8+ Ke7 43. Qa8 b4 44. Qxa5 b3 45. Qb4 Kf6 46. g4 Re7 47. Ng3
Rd7 48. Ne4+ Ke7 49. Nd6 Bd5 50. Nxc4 Bxc4 51. Qxc4 Rb7 52. Qc1 b2 53. Qb1 Kd8
54. f5 Rh7 55. Kg3 1-0

[Event "POLFINALY MISTRZOSTW POLSKI JUNIOROW 2021 D-13"]
[Site "Jatrzebia Gora"]
[Date "1899-12-30"]
[Round "5.3"]
[White "Gladyszewska, Kinga"]
[Black "Opalka, Marta"]
[Result "1-0"]
[WhiteTitle "I"]
[BlackTitle "I"]
[WhiteElo "1269"]
[BlackElo "1142"]

1. d4 Nf6 2. c4 c5 3. e3 g6 4. Nc3 Bg7 5. Nf3 O-O 6. Be2 d6 7. O-O Bf5 8. Nh4 cxd4
9. exd4 Be4 10. Nxe4 Nxe4 11. Nf3 Nc6 12. Be3 d5 13. Qc2 Nf6 14. Qb3 Na5 15. Qb4
dxc4 16. Bxc4 Nxc4 17. Qxc4 Rc8 18. Qb3 b6 19. Rac1 Qd6 20. h3 Nd5 21. Bd2 Rxc1
22. Rxc1 Nf4 23. Re1 e6 24. Bb4 Qc6 25. Bxf8 Kxf8 26. Qa3+ Kg8 27. Qxa7 Nxh3+
28. gxh3 Qxf3 29. Qb8+ Bf8 30. Qg3 Qd5 31. Qb3 Qg5+ 32. Kh1 Qd2 33. Rf1 Qxd4 34.
Qc3 Qd5+ 35. Kg1 Qxa2 36. b3 Qe2 37. Re1 Qb5 38. Qg3 Qb4 39. Rd1 Qc5 40. Qe3 Qh5
41. Rd8 b5 42. Qd3 Qe5 43. Qe3 Qa1+ 44. Kg2 Qf6 45. Rb8 Qf5 46. Rd8 Kg7 47. Qc3+
e5 48. Qg3 Be7 49. Rd5 Qe4+ 50. Qf3 Qxf3+ 51. Kxf3 b4 52. Rxe5 Bf6 53. Re4 Bc3
54. Ke2 g5 55. Rc4 Kf6 56. Rc6+ Kf5 57. Kd3 Be1 58. Rh6 Bxf2 59. Rxh7 f6 60. Re7
Bc5 61. Re4 Bf8 62. Rg4 Be7 63. Kd4 Bf8 64. Kd5 Be7 65. Re4 Bd6 66. Rc4 Bf8 67.
Rc8 Be7 68. Re8 Kf4 69. Rxe7 f5 70. Kc4 Kg3 71. Rg7 f4 72. Rxg5+ Kxh3 73. Kd3
Kh4 74. Rg8 f3 75. Ke3 f2 76. Kxf2 Kh3 77. Kf3 Kh4 78. Rg1 Kh5 79. Kf4 Kh6 80.
Kf5 Kh7 81. Kf6 Kh8 82. Kf7 Kh7 83. Rh1# 1-0

[Event "POLFINALY MISTRZOSTW POLSKI JUNIOROW 2021 D-13"]
[Site "Jatrzebia Gora"]
[Date "1899-12-30"]
[Round "5.4"]
[White "Miklosz, Malgorzata"]
[Black "Wesolowska, Liliana"]
[Result "1-0"]
[WhiteTitle "I"]
[BlackTitle "II"]
[WhiteElo "1232"]
[BlackElo "1067"]

1. e4 c6 2. c4 d5 3. exd5 cxd5 4. cxd5 Nf6 5. Qa4+ Bd7 6. Qb3 Qc7 7. Nc3 a5 8.
Nf3 a4 9. Qd1 Qc5 10. d4 Qa5 11. Bd2 Nxd5 12. Ne5 Nxc3 13. Bxc3 Qd5 14. Rc1 b5
15. Be2 Bc6 16. Bf3 Qe6 17. Bb4 Ra6 18. O-O Bxf3 19. Qxf3 Ra7 20. Qxf7+ Qxf7 21.
Rc8# 1-0

[Event "POLFINALY MISTRZOSTW POLSKI JUNIOROW 2021 D-13"]
[Site "Jatrzebia Gora"]
[Date "1899-12-30"]
[Round "5.5"]
[White "Feliks, Agnieszka"]
[Black "Racis, Dominika"]
[Result "0-1"]
[WhiteTitle "I"]
[BlackTitle "I"]
[WhiteElo "1145"]
[BlackElo "1029"]

1. e4 g6 2. d4 Bg7 3. Nf3 Nc6 4. Be3 d5 5. e5 Bg4 6. h3 Bxf3 7. Qxf3 e6 8. Nc3
Nge7 9. O-O-O a6 10. a3 Qd7 11. Bd3 O-O-O 12. Na4 Na5 13. Nc5 Qe8 14. Bd2 Nec6
15. Bxa5 Nxa5 16. Be2 b6 17. Nxa6 Bf8 18. Qc3 Qc6 19. Qxc6 Nxc6 20. Rd3 Kb7 21.
Rc3 Rc8 22. Rd1 Be7 23. Bb5 Na7 24. Be2 c5 25. dxc5 bxc5 26. Rb3+ Kc6 27. Rf3
Rhf8 28. b4 c4 29. Nc5 Bxc5 30. bxc5 Kxc5 31. h4 Nb5 32. a4 Nd4 33. Re3 Ra8 34.
h5 Rxa4 35. hxg6 hxg6 36. Bg4 Ra1+ 37. Kd2 Ra2 38. Rc3 Rb8 39. Rh1 Rbb2 40. Rh7
Rxc2+ 41. Rxc2 Rxc2+ 42. Ke3 Rc3+ 43. Kd2 Rd3+ 44. Ke1 c3 45. Bd1 c2 46. Bxc2
Nxc2+ 47. Ke2 Rd4 48. Rxf7 Re4+ 49. Kd2 Nd4 50. Rg7 Rxe5 51. Rxg6 Re2+ 52. Kd3
Rxf2 53. Rg8 Rf6 54. Rc8+ Nc6 55. Rg8 Nb4+ 56. Ke3 Nc2+ 57. Kd3 Nd4 58. Rc8+ Nc6
59. Rg8 Rf4 60. Ke3 Re4+ 61. Kd3 Nb4+ 62. Kd2 d4 63. g4 d3 64. g5 Re2+ 65. Kd1
Rg2 66. g6 Nd5 67. g7 Ne3+ 68. Kc1 d2+ 69. Kb2 d1=Q+ 70. Ka3 Nc4# 71. Ka4 0-1

[Event "POLFINALY MISTRZOSTW POLSKI JUNIOROW 2021 D-13"]
[Site "Jatrzebia Gora"]
[Date "1899-12-30"]
[Round "5.6"]
[White "Dura, Anna"]
[Black "Myslowska, Zofia"]
[Result "1-0"]
[WhiteTitle "II"]
[BlackTitle "II"]
[WhiteElo "1074"]
[BlackElo "1101"]

1. c4 d6 2. d4 g6 3. Nc3 Bg7 4. Nf3 Nf6 5. g3 O-O 6. Bg2 Nbd7 7. O-O Ne8 8. Bf4
f5 9. e4 Ndf6 10. Re1 fxe4 11. Nxe4 Nxe4 12. Rxe4 Nf6 13. Re1 Bf5 14. Rc1 h6 15.
h4 Nh5 16. Bd2 Qd7 17. Qb3 Kh7 18. Bb4 Bh3 19. Bh1 Rae8 20. Qe3 e5 21. dxe5 Bxe5
22. Nxe5 Rxe5 23. Qd4 Rxe1+ 24. Rxe1 Nf6 25. c5 Ng4 26. cxd6 cxd6 27. Re2 Rc8
28. Bc3 Ne5 29. Rd2 Qb5 30. Rd1 Rd8 31. Qf4 Qe2 32. Re1 Qg4 33. Bxe5 dxe5 34.
Qf7+ Kh8 35. Qf6+ Kh7 36. Qxd8 Qc4 37. Bd5 1-0

[Event "POLFINALY MISTRZOSTW POLSKI JUNIOROW 2021 D-13"]
[Site "Jatrzebia Gora"]
[Date "1899-12-30"]
[Round "5.9"]
[White "Predkiewicz, Paulina"]
[Black "Najdecka, Laura"]
[Result "1/2-1/2"]
[WhiteTitle "I"]
[BlackTitle "I"]
[WhiteElo "1331"]
[BlackElo "1130"]

1. e4 c5 2. Nf3 a6 3. d4 cxd4 4. Nxd4 e5 5. Nb3 Nf6 6. Nc3 Bb4 7. Bg5 Bxc3+ 8.
bxc3 d6 9. Qd3 h6 10. Bxf6 Qxf6 11. O-O-O Ke7 12. f3 Nc6 13. g3 Rd8 14. Bg2 g5
15. Rhf1 Be6 16. Qd2 h5 17. f4 gxf4 18. gxf4 Bg4 19. Rde1 exf4 20. Rxf4 Qe6 21.
Ref1 Rf8 22. Qf2 Ne5 23. Qb6 Qd7 24. Rf6 Qc6 25. Qe3 Rac8 26. Qd4 Qxc3 27. Qxc3
Rxc3 28. Kd2 Rc6 29. Rh6 Rd8 30. h3 Be6 31. Rxh5 Nc4+ 32. Kd3 Na3 33. Rf2 Rdc8
34. Nd4 R6c7 35. Nxe6 Kxe6 36. Rh6+ Ke7 37. Rhf6 Rc3+ 38. Kd2 Rxc2+ 39. Kd1 Rxf2
40. Rxf2 Nc4 41. Re2 Rh8 42. Kc2 Ne5 43. Kb3 b6 44. Rc2 Nd3 45. Rc3 1/2-1/2

[Event "POLFINALY MISTRZOSTW POLSKI JUNIOROW 2021 D-13"]
[Site "Jatrzebia Gora"]
[Date "1899-12-30"]
[Round "5.10"]
[White "Mansz, Martyna"]
[Black "Stankiewicz, Zofia"]
[Result "1/2-1/2"]
[WhiteTitle "I"]
[BlackTitle "II"]
[WhiteElo "1067"]
[BlackElo "1178"]

1. e4 e5 2. Nf3 Nc6 3. Bc4 Bc5 4. c3 Nf6 5. d3 d6 6. O-O O-O 7. b4 Bb6 8. Be3 Bxe3
9. fxe3 Bg4 10. Nbd2 d5 11. exd5 Nxd5 12. Bxd5 Qxd5 13. Qc2 Rad8 14. d4 exd4 15.
exd4 Bf5 16. Qb2 Qd7 17. h3 Rfe8 18. Rae1 Rxe1 19. Rxe1 Re8 20. Qc1 Be6 21. a3
b5 22. Ne4 Qd5 23. Nc5 Re7 24. Ne5 Nd8 25. Qf4 Bc8 26. Rf1 Ne6 27. Nxe6 Bxe6 28.
Nd3 h6 29. Nc5 Qa2 30. Qc1 Qd5 31. Re1 Qd6 32. Qd1 Kf8 33. Re5 Bc4 34. Qe1 Rxe5
35. Qxe5 Qxe5 36. Nd7+ Ke7 37. Nxe5 Bd5 38. Kf2 Ke6 39. g3 h5 40. h4 f6 41. Ng6
Kf5 42. Nf4 Bf7 43. Kf3 g5 44. hxg5 fxg5 45. Nd3 Bd5+ 46. Kf2 Kg4 47. Ne5+ Kf5
48. Ke3 h4 49. g4+ Kf6 50. Kf2 Ke6 51. Kg1 Kf6 52. Nc6 Be6 53. Ne5 1/2-1/2

[Event "POLFINALY MISTRZOSTW POLSKI JUNIOROW 2021 D-13"]
[Site "Jatrzebia Gora"]
[Date "1899-12-30"]
[Round "7.1"]
[White "Salamon, Julia"]
[Black "Gladyszewska, Kinga"]
[Result "1/2-1/2"]
[WhiteTitle "I++"]
[BlackTitle "I"]
[WhiteElo "1568"]
[BlackElo "1269"]

1. d4 d5 2. c4 e6 3. Nc3 Nf6 4. Bg5 Nbd7 5. cxd5 exd5 6. e3 c6 7. Nf3 Be7 8. Bd3
O-O 9. O-O Re8 10. Qc2 a6 11. Rfe1 Nf8 12. h3 g6 13. e4 dxe4 14. Nxe4 Nxe4 15.
Bxe7 Rxe7 16. Rxe4 Rxe4 17. Bxe4 Ne6 18. Rd1 Ng5 19. Nxg5 Qxg5 20. Qc5 Qxc5 21.
dxc5 Be6 22. a3 Kf8 23. Rd4 Rc8 24. Kf1 Ke7 25. Ke2 f5 26. Bf3 Rc7 27. Kd3 Rd7
28. Rxd7+ Bxd7 29. Kc4 Be8 30. Kb4 Kd7 31. Ka5 Kc7 32. Be2 Bf7 33. f4 Bd5 34.
g3 Bf7 35. h4 Bd5 36. a4 Bb3 37. Kb4 Bd5 38. Bc4 a5+ 39. Kc3 Kd7 40. Bxd5 cxd5
41. h5 gxh5 42. Kd4 Ke6 43. b3 1/2-1/2

[Event "POLFINALY MISTRZOSTW POLSKI JUNIOROW 2021 D-13"]
[Site "Jatrzebia Gora"]
[Date "1899-12-30"]
[Round "7.3"]
[White "Walerjan, Ada"]
[Black "Butkiewicz, Hanna"]
[Result "1-0"]
[WhiteTitle "II"]
[BlackTitle "I"]
[WhiteElo "1045"]
[BlackElo "1090"]

1. e4 e5 2. Nf3 Nc6 3. Bc4 Bc5 4. c3 Nf6 5. d3 h6 6. Nbd2 O-O 7. O-O d6 8. Re1
Bg4 9. Nf1 Re8 10. Ng3 Qd7 11. a4 a5 12. Bb5 Qe7 13. h3 Bd7 14. Nh4 Nh7 15. Nhf5
Bxf5 16. Nxf5 Qf6 17. d4 exd4 18. cxd4 Bb4 19. Re3 Red8 20. Rg3 Kh8 21. Rxg7 Nxd4
22. Rg3 Nxf5 23. exf5 Rg8 24. Be3 Bc5 25. Bxc5 dxc5 26. Rxg8+ Rxg8 27. Qc2 Qg5
28. Qe4 c6 29. Bf1 Nf6 30. Qe7 Qxf5 31. Qxf7 Rg7 32. Qf8+ Kh7 33. Rd1 Qg6 34.
Bd3 Ne4 35. Qf3 Re7 36. Re1 Kg7 37. Rxe4 Rxe4 38. Bxe4 Qd6 39. Qc3+ Kf8 40. Qxa5
Qd1+ 41. Kh2 Qd6+ 42. g3 Qd4 43. Qa8+ Ke7 44. Qxb7+ Kf8 45. Qc8+ Ke7 46. Qxc6
Qxf2+ 47. Bg2 Qxb2 48. Qxc5+ Kf6 49. Qf8+ Ke6 50. Qxh6+ Kd7 51. a5 Kc7 52. Qb6+
Qxb6 53. axb6+ Kxb6 54. h4 1-0

[Event "POLFINALY MISTRZOSTW POLSKI JUNIOROW 2021 D-13"]
[Site "Jatrzebia Gora"]
[Date "1899-12-30"]
[Round "7.4"]
[White "Miklosz, Malgorzata"]
[Black "Kicinska, Anna"]
[Result "1-0"]
[WhiteTitle "I"]
[BlackTitle "I"]
[WhiteElo "1232"]
[BlackElo "1238"]

1. e4 c5 2. Nf3 d6 3. d4 cxd4 4. Nxd4 Nf6 5. Nc3 g6 6. Be3 Bg7 7. f3 O-O 8. Qd2
Nc6 9. O-O-O Bd7 10. g4 Qa5 11. Nb3 Qc7 12. Bh6 Rfc8 13. h4 Ne5 14. Be2 b5 15.
Bxg7 Kxg7 16. h5 b4 17. Nd5 Nxd5 18. exd5 Kg8 19. hxg6 fxg6 20. Nd4 Nf7 21. Bd3
a5 22. Qh2 Ng5 23. Qh6 Be8 24. Ne6 Nxe6 25. Qxh7+ Kf8 26. Qh8+ Kf7 27. Rh7+ Ng7
28. Qxg7# 1-0

[Event "POLFINALY MISTRZOSTW POLSKI JUNIOROW 2021 D-13"]
[Site "Jatrzebia Gora"]
[Date "1899-12-30"]
[Round "7.5"]
[White "Racis, Dominika"]
[Black "Myslowska, Zofia"]
[Result "0-1"]
[WhiteTitle "I"]
[BlackTitle "II"]
[WhiteElo "1029"]
[BlackElo "1101"]

1. d4 d6 2. Nf3 g6 3. Bf4 Bg7 4. e3 Nf6 5. c4 O-O 6. Bd3 Nbd7 7. O-O Nh5 8. Bg3
Nxg3 9. fxg3 e5 10. Nc3 f5 11. dxe5 Nxe5 12. Nd4 Ng4 13. Qf3 Re8 14. Rae1 c6 15.
h3 Nxe3 16. Rxe3 Bxd4 17. Rfe1 Bxe3+ 18. Rxe3 Rxe3 19. Qxe3 Qb6 20. Qxb6 axb6
21. b3 Be6 22. a4 d5 23. cxd5 Bxd5 24. Nxd5 cxd5 25. Kf2 Kf7 26. Ke3 Ke6 27. Kd4
Rf8 28. Be2 f4 29. g4 g5 30. Bf3 Rd8 31. Be2 Kd6 32. Bf3 Kc6 33. Be2 h6 34. Bf3
b5 35. axb5+ Kxb5 36. Bxd5 Rxd5+ 37. Kxd5 Kb4 38. Ke5 Kxb3 39. Kf6 Kc3 40. Kg6
b5 41. Kxh6 b4 42. Kxg5 b3 43. h4 b2 44. Kg6 b1=Q+ 45. Kg7 Qg1 46. g5 Qxg2 47.
g6 Qg4 0-1

[Event "POLFINALY MISTRZOSTW POLSKI JUNIOROW 2021 D-13"]
[Site "Jatrzebia Gora"]
[Date "1899-12-30"]
[Round "7.6"]
[White "Predkiewicz, Paulina"]
[Black "Opalka, Marta"]
[Result "0-1"]
[WhiteTitle "I"]
[BlackTitle "I"]
[WhiteElo "1331"]
[BlackElo "1142"]

1. e4 e6 2. d4 d5 3. Nc3 Nf6 4. Bd3 c5 5. Nf3 cxd4 6. Nxd4 e5 7. Nf3 d4 8. Nd5
Nxd5 9. exd5 Qxd5 10. O-O Bg4 11. Re1 f6 12. Be4 Qd7 13. h3 Bxf3 14. Qxf3 Nc6
15. Bf5 Qf7 16. Be4 Rc8 17. a3 Bd6 18. b4 Ne7 19. Qd3 Rc7 20. Qb5+ Nc6 21. Bd5
Qd7 22. Qd3 Nxb4 23. axb4 Bxb4 24. Bf7+ Kf8 25. Ba3 Bxa3 26. Qxa3+ Kxf7 27. Qxa7
Rxc2 28. Qb6 Rhc8 29. Rab1 d3 30. Red1 e4 31. Qxb7 Qxb7 32. Rxb7+ Kg6 33. Rd7
Rc1 34. Rxc1 Rxc1+ 35. Kh2 Kf5 36. Kg3 Ke6 37. Rd8 Rc5 38. Re8+ Kd5 39. Kf4 g5+
40. Ke3 f5 41. Kd2 Rc2+ 42. Ke1 Re2+ 43. Kf1 Ra2 44. Ke1 f4 45. Rd8+ Kc4 46. Rc8+
Kd4 47. Rd8+ Kc3 48. Rc8+ Kb2 49. Rb8+ Kc1 50. Rc8+ Rc2 51. Rd8 d2+ 52. Kf1 d1=Q+
53. Rxd1+ Kxd1 54. g3 fxg3 55. h4 Rxf2+ 56. Kg1 gxh4 0-1

[Event "POLFINALY MISTRZOSTW POLSKI JUNIOROW 2021 D-13"]
[Site "Jatrzebia Gora"]
[Date "1899-12-30"]
[Round "7.7"]
[White "Mansz, Martyna"]
[Black "Dura, Anna"]
[Result "0-1"]
[WhiteTitle "I"]
[BlackTitle "II"]
[WhiteElo "1067"]
[BlackElo "1074"]

1. c4 Nf6 2. d4 e6 3. g3 d5 4. cxd5 exd5 5. Bg2 c6 6. Nf3 Bf5 7. Nc3 Ne4 8. O-O
Be7 9. Qb3 Qd7 10. Bf4 Qc8 11. Rfd1 O-O 12. Nd2 Nxd2 13. Rxd2 Nd7 14. f3 Be6 15.
Qc2 Nf6 16. e4 Rd8 17. e5 Nd7 18. Be3 Nb6 19. b3 Bf5 20. Qc1 a5 21. a4 Bb4 22.
Rf2 Qc7 23. Ne2 Rac8 24. g4 Bd7 25. h4 Rf8 26. h5 f6 27. g5 fxe5 28. dxe5 Be6
29. Nf4 Bf5 30. h6 g6 31. e6 Na8 32. Qb2 Rce8 33. Kh1 Bxe6 34. Nxe6 Rxe6 35. Bd4
Rf7 36. Bh3 Re8 37. Kg2 Qf4 38. Bf6 Bd6 39. Kf1 Bc5 40. Re2 Qxf3+ 41. Ke1 Bb4+
42. Kd1 Qd3+ 43. Rd2 Bxd2 44. Qxd2 Qxh3 45. Qxa5 Qxb3+ 46. Kc1 Qc4+ 47. Kb1 b6
48. Qd2 Qf1+ 49. Kc2 Qe2 0-1

[Event "POLFINALY MISTRZOSTW POLSKI JUNIOROW 2021 D-13"]
[Site "Jatrzebia Gora"]
[Date "1899-12-30"]
[Round "7.8"]
[White "Feliks, Agnieszka"]
[Black "Najdecka, Laura"]
[Result "1/2-1/2"]
[WhiteTitle "I"]
[BlackTitle "I"]
[WhiteElo "1145"]
[BlackElo "1130"]

1. e4 c6 2. d4 d5 3. Nd2 h6 4. c3 dxe4 5. Nxe4 Bf5 6. Ng3 Bh7 7. Bd3 Bxd3 8. Qxd3
e6 9. Nf3 Nf6 10. Be3 Be7 11. O-O-O Nbd7 12. h3 Qc7 13. Kb1 c5 14. dxc5 Bxc5 15.
Bxc5 Qxc5 16. Qd4 Rd8 17. Qxc5 Nxc5 18. Rxd8+ Kxd8 19. Ne5 Ke7 20. Rd1 Ncd7 21.
Nxd7 Nxd7 22. Ne4 Rd8 23. Kc2 f5 24. Ng3 Nf6 25. Re1 g6 26. Ne2 a5 27. Nf4 Ne4
28. Nxg6+ Kf6 29. f3 Rd2+ 30. Kc1 Kxg6 31. fxe4 Rxg2 32. exf5+ Kxf5 33. Rd1 e5
34. Rd5 b6 35. a4 Rg6 36. b4 axb4 37. cxb4 Kf4 38. a5 bxa5 39. bxa5 Re6 40. Rb5
e4 1/2-1/2

[Event "POLFINALY MISTRZOSTW POLSKI JUNIOROW 2021 D-13"]
[Site "Jatrzebia Gora"]
[Date "1899-12-30"]
[Round "7.10"]
[White "Branka, Julia"]
[Black "Stankiewicz, Zofia"]
[Result "0-1"]
[WhiteTitle "II"]
[BlackTitle "II"]
[WhiteElo "1200"]
[BlackElo "1178"]

1. d4 d5 2. c4 c6 3. cxd5 cxd5 4. Nc3 Nf6 5. Bf4 Nc6 6. Nf3 Qb6 7. b3 Bf5 8. g3
e6 9. a3 Rc8 10. Na4 Qd8 11. Bg2 Na5 12. Ra2 b5 13. Nc5 Ne4 14. Nxe4 Bxe4 15.
O-O Be7 16. Ne5 Bxg2 17. Kxg2 f6 18. Nf3 g5 19. Bd2 Nc6 20. Be3 f5 21. Qd2 Rg8
22. Kh1 h6 23. b4 Bd6 24. Rc2 Kd7 25. Rfc1 Qf6 26. Qd3 a6 27. Rc3 Rc7 28. Qc2
Rgc8 29. Bd2 g4 30. Ne5+ Nxe5 31. dxe5 Bxe5 32. Rxc7+ Rxc7 33. Qd1 Rxc1 34. Qxc1
h5 35. Qc2 h4 36. a4 h3 37. axb5 axb5 38. Qd3 Kc6 39. Qc2+ Kd7 40. Qc5 Bd6 41.
Qxb5+ Ke7 42. Qb7+ Ke8 43. Qc6+ Ke7 44. b5 Qa1+ 45. Qc1 Qxc1+ 46. Bxc1 Kd7 47.
Be3 Kc7 48. b6+ Kb7 49. Kg1 e5 50. Kf1 d4 51. Bd2 Kxb6 52. f3 Kc5 53. fxg4 fxg4
54. Kf2 Kc4 55. Ke1 Bb4 56. Bxb4 Kxb4 57. Kd2 Kc4 58. Kc2 e4 59. Kd2 d3 60. exd3+
exd3 61. Kd1 Kd4 62. Kd2 Ke4 63. Ke1 Ke3 64. Kd1 d2 65. Kc2 Ke2 66. Kc3 d1=Q 67.
Kc4 Qd3+ 68. Kc5 Qe4 69. Kd6 Qf5 70. Kc6 Qe5 71. Kb6 Qd5 72. Ka6 Qb3 73. Ka5 Qb7
74. Ka4 Qb6 75. Ka3 Qb5 76. Ka2 Kd3 77. Ka3 Kc2 78. Ka2 Qb2# 0-1